| 000 | 04958nam a2200397 i 4500 | ||
|---|---|---|---|
| 001 | 000016225 | ||
| 003 | DO-SdBNP | ||
| 005 | 20260317092028.0 | ||
| 007 | ta | ||
| 008 | 100301s1905 dr r 000 0 spa d | ||
| 040 |
_aDO-SdBNP _bspa _cBNPHU _erda |
||
| 041 | _aspa | ||
| 082 | 4 |
_a347.729305 _bL951L _222 |
|
| 100 | 1 |
_aLugo, Américo _d1870-1952 _eautor _4aut. _981550 |
|
| 245 | 1 | 0 |
_aLitis Suchard-M. Des Combes & Ca., defensa leída ante la Suprema Corte de Justicia de la República en representación de los Sres. Montandon, Des Combes & Ca. ; Recurso en casación en materia civil por ante la Suprema Corte de Justicia de la República en sus atribuciones de Corte de Casación , promovido contra la Sentencia de la Corte de Apelación de Santo Domingo (Antigua Suprema Corte) de fecha 21 de marzo de 1906, por los Señores H. Jacot Des Combes y Montandon, Des Combes y Cª : representados por sus abogados constituidos Licenciados, Américo Lugo, Pelegrin Castillo. -- Defensa del Señor Enrique Jacot Des Combes en la nueva acción judicial sobre el caso de los Señores Montandon Des Combres & CO. contra Carlos Russ-Suchard leida por su abogado constituido Lic. Pelegrin Castillo; sentencia del juez de primera instancia del Distrito Judicial de Samana: breve resumen historico de esta litis, por el Señor Jacot Des Combres / _cAmérico Lugo, Pelegrin Castillo, Jacot Des Combes. |
| 246 | _aRecurso en casación en materia civil por ante la Suprema Corte de Justicia de la República en sus atribuciones de Corte de Casación , promovido contra la Sentencia de la Corte de Apelación de Santo Domingo (Antigua Suprema Corte) de fecha 21 de marzo de 1906, por los Señores H. Jacot Des Combes y Montandon, Des Combes y Cª : representados por sus abogados contituidos Licenciados, Américo Lugo, Pelegrin Castillo. | ||
| 246 | _aDefensa del Señor Enrique Jacot Des Combes en la nueva acción judicial sobre el caso de los Señores Montandon Des Combres & CO. contra Carlos Russ-Suchard leida por su abogado constituido Lic. Pelegrin Castillo; sentencia del Distrito Judicial de Samaná I. Breve resumen histórico de esta Litis por el Señor Jacot des Combes | ||
| 264 |
_aSanto Domingo : _bLa Cuna de América, _c1905-1914. |
||
| 300 |
_a1 volumen ; _c23 cm. |
||
| 336 |
_atexto _btxt _2rdacontent |
||
| 337 |
_asin mediación _bn _2rdamedia |
||
| 338 |
_avolumen _bnc _2rdacarrier |
||
| 500 | _aTres obras encuadernadas juntas con paginación independiente | ||
| 500 | _aA la cabeza de la portada : | ||
| 501 | _aEncuadernado con: Recurso en casación en materia civil por ante la Suprema Corte de Justicia de la República en sus atribuciones de Corte de Casación , promovido contra la Sentencia de la Corte de Apelación de Santo Domingo (Antigua Suprema Corte) de fecha 21 de marzo de 1906, por los Señores H. Jacot Des Combes y Montandon, Des Combes y Cª. | ||
| 505 | 0 |
_tDefensa del Señor Enrique Jacot Des Combes en la nueva acción judicial sobre el caso de los Señores Montandon Des Combres & CO. contra Carlos Russ-Suchard leida por su abogado constituido Lic. Pelegrin Castillo; sentencia del juez de primera instancia del Distrito Judicial de Samana: breve resumen historico de esta litis / _rAmerico Lugo, Pelegrin Castillo -- _rJacot des Combres. -- |
|
| 590 | _aInventariado, 2018/LP | ||
| 650 | 0 |
_aProcedimiento civil _zRepública Dominicana _913926 |
|
| 650 | 0 |
_aDefensa (Procedimiento civil) _936215 |
|
| 700 | 1 |
_aCastillo, Pelegrín, _921834 _t Recurso en casación en materia civil por ante la Suprema Corte de Justicia de la República en sus atribuciones de Corte de Casación , promovido contra la Sentencia de la Corte de Apelación de Santo Domingo (Antigua Suprema Corte) de fecha 21 de marzo de 1906 / |
|
| 700 | 1 |
_aJacot Des Combes, Enrique, _tDefensa del Señor Enrique Jacot Des Combes en la nueva acción judicial sobre el caso de los Señores Montandon Des Combres & CO. contra Carlos Russ-Suchard leida por su abogado constituido Lic. Pelegrin Castillo; sentencia del juez de primera instancia del Distrito Judicial de Samana: breve resumen historico de esta litis, por el Señor Jacot Des Combres / Jacot Des Combes, Enrique _984870 |
|
| 740 | 0 | 2 | _aRecurso en casación en materia civil por ante la Suprema Corte de Justicia de la República en sus atribuciones de Corte de Casación , promovido contra la Sentencia de la Corte de Apelación de Santo Domingo (Antigua Suprema Corte) de fecha 21 de marzo de 1906, por los Señores H. Jacot Des Combes y Montandon, Des Combes y Cª. |
| 740 | 0 | 2 | _aDefensa del Señor Enrique Jacot Des Combes en la nueva acción judicial sobre el caso de los Señores Montandon Des Combres & CO. contra Carlos Russ-Suchard leida por su abogado constituido Lic. Pelegrin Castillo; sentencia del juez de primera instancia del Distrito Judicial de Samana: breve resumen historico de esta litis |
| 910 | _aValidado. Control de calidad MFF | ||
| 942 |
_2ddc _cLBS1 |
||
| 999 |
_c15763 _d15763 |
||